000 00646nam a2200205 i 4500
001 112405
003 ES-MaACL
005 20240219223314.0
007 t|
008 061121s1922 sp r ||||1| spa d
080 _a821.134.2-4"19
100 1 _aOrtega y Gasset, José,
_d1883-1955
_987503
245 1 0 _aMeditaciones del Quijote :
_bmeditación preliminar, meditación primera /
_cJosé Ortega y Gasset.
250 _a3ª ed.
260 _aMadrid :
_bEspasa Calpe,
_c1922.
300 _a194 p. ;
_c19 cm.
600 1 4 _aCervantes Saavedra, Miguel de,
_d1547-1616-
_xFilosofía
_9171973
852 _aES-MaACL
_jB-3285
999 _c112405
_d112405